Statistics for Movie Poster Mix-Up #3

Click here to take the quiz!

General Stats

  • This quiz has been taken 3,214 times
  • The average score is 6 of 12

Answer Stats

Answer% Correct
The Lion King
98%
Goodfellas
74%
Jojo Rabbit
63%
Clueless
58%
Slumdog Millionaire
56%
Eyes Wide Shut
52%
The Thing
52%
Edge of Tomorrow
38%
It's A Wonderful Life
37%
A.I. Artificial Intelligence
34%
Cape Fear
34%
The King and I
33%

Score Distribution

Percentile by Number Answered

Percent of People with Each Score

Your Score History

You have not taken this quiz